000 01242nam a2200337 c 4500
003 BLK
005 20241002112357.0
008 180408b bul|||||r ||||||| ||bul||
010 _aKNG00080867000
020 _a978-954-761-290-7
_bиздат.: ИнфоДар
040 _aBLK
041 _aBUL
_cBUL
080 _aАмериканска литература (на САЩ)
_b821.111(73)
_x-312.4
_z821.111(73)-312.4
100 1 _aСпеноугъл, Джошуа
_eпърви автор
_9122660
700 1 _aКостов, Никола
_eпрев. от англ.
_9369275
139 _aСпеноугъл, Джошуа
_bС 56
245 1 0 _aИзолатор
_bРоман
_cДжошуа Спеноугъл; прев. от англ. Никола Костов.
257 _aUSA
260 София
_bИнфоДар
_c2007
300 _a730 с.
_c20 см
380 _aX
490 1 _aКриминални досиета
500 _aОриг. загл. Isolation Ward / Joshua Spanogle. - Офс. изд.
653 _aтрилъри
852 _aЦб 238008
856 4 _qpdf
_u
856 4 _qpdf
_u
942 _cKNG
_n0
_05
944 _aCR
_c28.01.2008
_k30564
_lГалина Якимова
944 _aED
_c26.05.2008
_k
999 _c76435
_d76435